Guess The Country #1 - Statistics

General Stats
  • This quiz has been taken 76 times
  • The average score is 10 of 12
Answer Stats
Picture Answer % Correct
Germany
100%
Italy
97%
Japan
94%
USA
89%
UK
88%
France
86%
Spain
85%
south korea
82%
Sweden
80%
Russia
78%
Czechia
63%
Denmark
32%
No matching quizzes found
Score Distribution
Percent of People with Each Score
Percentile by Number Answered
Your Score History
You have not taken this quiz